[Event "SZCZYRK OPEN - TURNIEJ Z OKAZJI SWIETA NIEPODLEGLOSCI - BLITZ 3'+2'' "]
[Site "Szczyrk"]
[Date "2018-11-11"]
[Round "3.67"]
[White "Nagly, Wojciech"]
[Black "Mansz, Martyna "]
[Result "1-0"]
[WhiteTitle ""]
[BlackTitle ""]
[WhiteElo "1167"]
[BlackElo "1066"]

1. d4 d5 2. c4 dxc4 3. e3 Be6 4. Nc3 Nf6 5. Qa4+ c6 6. Qb4 a5 7. Qxb7 Nbd7 8. Qxc6
Rc8 9. Qa4 Nd5 10. Nxd5 Bxd5 11. f3 c3 12. e4 Bb7 13. Bb5 e6 14. Bxd7+ Qxd7 15.
Qxd7+ Kxd7 16. Ne2 cxb2 17. Bxb2 Rc2 18. Bc3 a4 19. Kd1 Ba3 20. Kxc2 Ba6 21. Rhe1
Bxe2 22. Rxe2 Rc8 23. Re3 Bb4 24. Rb1 Ba5 25. Rb7+ Kc6 26. Rxf7 Kd6 27. Rxg7 e5
28. dxe5+ Ke6 29. Rxh7 Bxc3 30. Rxc3 Rxc3+ 31. Kxc3 Kxe5 32. Rh5+ Kf4 33. Rf5+
Ke3 34. Kb4 Kf2 35. Kxa4 Kxg2 36. h4 Kh3 37. h5 Kh4 38. h6 Kg3 39. h7 Kf2 40.
h8=Q Ke3 41. Qh6+ Kd4 42. Rd5+ Kc3 43. Qe3+ Kc4 44. Qd4# 1-0

[Event "SZCZYRK OPEN - TURNIEJ Z OKAZJI SWIETA NIEPODLEGLOSCI - BLITZ 3'+2'' "]
[Site "Szczyrk"]
[Date "2018-11-11"]
[Round "3.69"]
[White "Krasniewski, Piotr "]
[Black "Kot, Ewelina "]
[Result "1/2-1/2"]
[WhiteTitle ""]
[BlackTitle ""]
[WhiteElo "1062"]
[BlackElo "1163"]

1. e4 e6 2. d4 d5 3. e5 c5 4. c3 Nc6 5. Nf3 Qb6 6. Be2 Bd7 7. O-O Nge7 8. dxc5
Qxc5 9. Be3 Qa5 10. b4 Qd8 11. a4 Nf5 12. Bd2 Be7 13. b5 Na5 14. c4 Nxc4 15. Bxc4
dxc4 16. g4 Nh4 17. Nxh4 Bxh4 18. Qf3 b6 19. Be3 O-O 20. Nc3 Bg5 21. Ne4 Bxe3
22. Qxe3 Qh4 23. f3 Rac8 24. Nd6 Rcd8 25. Rac1 Bc8 26. Rxc4 f6 27. g5 Qxg5+ 28.
Qxg5 fxg5 29. Rfc1 Bd7 30. Kg2 h6 31. Nb7 Rc8 32. Rxc8 Rxc8 33. Rxc8+ Bxc8 34.
Nd6 Bd7 35. Kg3 Kf8 36. Kg4 Ke7 37. Kh5 Be8+ 38. Kg4 Kd7 39. Kg3 Kd8 40. Kf2 Bg6
41. Ke3 Kc7 42. Kd4 Bh5 43. Ke4 g4 44. f4 g6 45. Nf7 g5 46. Nxh6 gxf4 47. Kxf4
Kb7 48. Kg5 Be8 49. Kxg4 a6 50. bxa6+ Kxa6 51. Kg5 Ka5 52. Kf6 Bxa4 53. Kxe6 b5
54. Kd6 b4 55. Nf5 b3 56. Nd4 b2 57. e6 b1=Q 58. e7 Qb8+ 59. Ke6 Qe8 60. Nf5 Bd7+
61. Kf6 Kb6 62. Nd6 Qh8+ 63. Kf7 Qh7+ 64. Kf6 Qh6+ 65. Kf7 Qh7+ 1/2-1/2

[Event "SZCZYRK OPEN - TURNIEJ Z OKAZJI SWIETA NIEPODLEGLOSCI - BLITZ 3'+2'' "]
[Site "Szczyrk"]
[Date "2018-11-11"]
[Round "3.70"]
[White "Michno, Mateusz"]
[Black "Kowalska, Julia"]
[Result "0-1"]
[WhiteTitle ""]
[BlackTitle ""]
[WhiteElo "1163"]
[BlackElo "1033"]

1. e4 e5 2. Nf3 Nc6 3. Bb5 a6 4. Ba4 Nf6 5. Nc3 Bb4 6. O-O d6 7. h3 O-O 8. d3 Bxc3
9. bxc3 b5 10. Bb3 Be6 11. Bg5 h6 12. Bh4 Re8 13. d4 exd4 14. cxd4 g5 15. Bg3
d5 16. exd5 Bxd5 17. Bxd5 Qxd5 18. Qd3 Nb4 19. Qc3 Nc6 20. Rfe1 Ne4 21. Qe3 Nxg3
22. Qxe8+ Rxe8 23. Rxe8+ Kg7 24. fxg3 Nxd4 25. Rf1 Nxc2 26. Re5 Qxa2 27. Re2 Qc4
28. Rd2 Ne3 29. Re1 Qc5 30. Rde2 Nc4+ 31. Kh1 a5 32. Ne5 Nxe5 33. Rxe5 Qb6 34.
Rf5 a4 35. Ref1 Qe6 36. Rxb5 a3 37. Ra5 a2 38. Ra1 f5 39. R5xa2 f4 40. gxf4 gxf4
41. Rf1 Qxa2 42. Rxf4 Qa1+ 43. Kh2 Qc1 44. Rf2 c5 45. Kg3 Qe3+ 46. Rf3 Qe5+ 47.
Kf2 c4 48. Kf1 c3 49. Rxc3 Qxc3 50. Kf2 Qe5 51. Kg1 Kg6 52. Kf1 Qe4 53. Kf2 Kg5
54. g3 Qf5+ 55. Kg2 h5 56. h4+ Kg4 57. Kh2 Qf2+ 58. Kh1 Kh3 59. g4 Qg2# 0-1

[Event "SZCZYRK OPEN - TURNIEJ Z OKAZJI SWIETA NIEPODLEGLOSCI - BLITZ 3'+2'' "]
[Site "Szczyrk"]
[Date "2018-11-11"]
[Round "3.71"]
[White "Filipek, Justyna "]
[Black "Walentyn, Zuzanna"]
[Result "1-0"]
[WhiteTitle ""]
[BlackTitle ""]
[WhiteElo "1160"]
[BlackElo "1026"]

1. e4 c5 2. Nf3 Nc6 3. d4 cxd4 4. Nxd4 g6 5. Nc3 Bg7 6. Nxc6 bxc6 7. Bd3 e5 8.
Be3 Nf6 9. O-O d5 10. exd5 cxd5 11. Bg5 O-O 12. Be2 Bd7 13. Bxf6 Bxf6 14. Qxd5
Bf5 15. Qd1 Qxd1 16. Bxd1 e4 17. Re1 Rfe8 18. Be2 Rab8 19. Rab1 e3 20. Nd5 Re6
21. Nxe3 Bxb2 22. Nxf5 gxf5 23. Bd3 Rxe1+ 24. Rxe1 Bc3 25. Re7 a5 26. Rc7 Be5
27. Rc5 Rb1+ 28. Bf1 Bc7 29. Rxc7 Rb2 30. Rc5 Rxa2 31. g3 a4 32. Rxf5 a3 33. Ra5
Ra1 34. Kg2 a2 35. Bc4 Kf8 36. Rxa2 Rxa2 37. Bxa2 f5 38. Kf3 Kg7 39. Kf4 Kf6 40.
h4 h5 41. c4 Ke6 42. f3 Kd6 43. Bb3 Kc5 44. Kxf5 Kb4 45. Ba2 Kc5 46. Kg5 Kb4 47.
Kxh5 Kc5 48. f4 Kd6 49. Kg6 Ke7 50. Kg7 Ke6 51. g4 Ke7 52. f5 Ke8 53. g5 Ke7 54.
f6+ Ke8 55. f7+ Ke7 56. f8=Q+ Kd7 57. Qf7+ Kd6 58. Qd5+ Ke7 59. Kg6 Kf8 60. Qb7
Ke8 61. h5 Kd8 62. h6 Ke8 63. h7 Kd8 64. h8=R# 1-0

[Event "SZCZYRK OPEN - TURNIEJ Z OKAZJI SWIETA NIEPODLEGLOSCI - BLITZ 3'+2'' "]
[Site "Szczyrk"]
[Date "2018-11-11"]
[Round "3.74"]
[White "Krzysztynska, Maria"]
[Black "Zalega, Joanna "]
[Result "1-0"]
[WhiteTitle ""]
[BlackTitle ""]
[WhiteElo "1146"]
[BlackElo "1015"]

1. e4 c5 2. Nc3 d6 3. Bc4 Nf6 4. Nf3 Nc6 5. a3 Bg4 6. h3 Bh5 7. g4 Bg6 8. d3 h6
9. g5 Nd7 10. d4 cxd4 11. Nxd4 Nxd4 12. Qxd4 hxg5 13. Bxg5 Nf6 14. O-O-O Rc8 15.
f3 Qd7 16. e5 Ng8 17. exd6 Qxd6 18. Bb5+ Rc6 19. Bxc6+ bxc6 20. Qxa7 Qxd1+ 21.
Rxd1 f6 22. Bh4 Rxh4 23. Qa8+ Kf7 24. Qxc6 Rxh3 25. f4 Rf3 26. Qxf3 Nh6 27. Re1
1-0

[Event "SZCZYRK OPEN - TURNIEJ Z OKAZJI SWIETA NIEPODLEGLOSCI - BLITZ 3'+2'' "]
[Site "Szczyrk"]
[Date "2018-11-11"]
[Round "3.75"]
[White "Kubaszewski, Artur "]
[Black "Jagodzinski, Jaromir "]
[Result "0-1"]
[WhiteTitle ""]
[BlackTitle ""]
[WhiteElo "1050"]
[BlackElo "1141"]

1. e4 d5 2. exd5 Qxd5 3. Nc3 Qa5 4. Bd3 Nf6 5. Nf3 Bg4 6. h3 Bh5 7. a3 c6 8. b4
Qb6 9. Bb2 Nbd7 10. Ne4 Nxe4 11. Bxe4 e6 12. O-O O-O-O 13. Rb1 Bg6 14. Bxg6 hxg6
15. Bd4 Qa6 16. d3 f6 17. Ra1 e5 18. Be3 g5 19. c4 Be7 20. Bd2 Qb6 21. a4 Qc7
0-1

[Event "SZCZYRK OPEN - TURNIEJ Z OKAZJI SWIETA NIEPODLEGLOSCI - BLITZ 3'+2'' "]
[Site "Szczyrk"]
[Date "2018-11-11"]
[Round "3.77"]
[White "Fic, Joanna"]
[Black "Polakiewicz, Blanka"]
[Result "1-0"]
[WhiteTitle ""]
[BlackTitle ""]
[WhiteElo "1004"]
[BlackElo "1134"]

1. e4 c5 2. d4 cxd4 3. Nf3 e6 4. Nxd4 a6 5. b3 Nf6 6. Nc3 d6 7. Bb2 Qc7 8. Bd3
Nbd7 9. O-O b5 10. a3 Bb7 11. Re1 Be7 12. h3 O-O 13. b4 Rac8 14. a4 bxa4 15. Rxa4
Nb6 16. Ra1 h6 17. b5 axb5 18. Ncxb5 Bc6 19. Nxc7 Rxc7 20. Nxc6 Rxc6 21. Bxf6
Bxf6 22. Rb1 Nc4 23. Bxc4 Rxc4 24. Qxd6 Rd4 25. Qa3 Rd2 26. e5 Bg5 27. f4 Bd8
28. c4 Rc2 29. c5 Rc4 30. Rb8 Be7 31. Rxf8+ Kxf8 32. Qa8+ Bd8 33. Qxd8# Rd4 1-0

[Event "SZCZYRK OPEN - TURNIEJ Z OKAZJI SWIETA NIEPODLEGLOSCI - BLITZ 3'+2'' "]
[Site "Szczyrk"]
[Date "2018-11-11"]
[Round "4.1"]
[White "Warakomski, Tomasz "]
[Black "Chylewski, Patryk"]
[Result "0-1"]
[WhiteTitle ""]
[BlackTitle ""]
[WhiteElo "2572"]
[BlackElo "2097"]

1. e4 c6 2. f3 d5 3. d4 dxe4 4. fxe4 e5 5. Nf3 exd4 6. Bc4 Nf6 7. O-O Be7 8. Ng5
O-O 9. Nxf7 Rxf7 10. Bxf7+ Kxf7 11. e5 c5 12. exf6 Bxf6 13. Qh5+ Kg8 14. Qxc5
Nc6 15. Nd2 Be6 16. Ne4 Be7 17. Qh5 d3 18. cxd3 Qxd3 19. Qf3 Qd4+ 20. Be3 Qxb2
21. Rab1 Qxa2 22. Rxb7 Rf8 23. Nf6+ Rxf6 24. Qxc6 Rxf1+ 25. Kxf1 Qa1+ 26. Qc1
Qa6+ 27. Kg1 Qxb7 0-1

[Event "SZCZYRK OPEN - TURNIEJ Z OKAZJI SWIETA NIEPODLEGLOSCI - BLITZ 3'+2'' "]
[Site "Szczyrk"]
[Date "2018-11-11"]
[Round "4.2"]
[White "Cichon, Michal "]
[Black "Plichta, Kamil "]
[Result "1/2-1/2"]
[WhiteTitle ""]
[BlackTitle ""]
[WhiteElo "2023"]
[BlackElo "2388"]

1. e4 g6 2. d4 Bg7 3. f4 d6 4. Nf3 Nf6 5. Nc3 O-O 6. Bd3 Nc6 7. a3 e5 8. d5 Nd4
9. fxe5 dxe5 10. O-O Bg4 11. Be2 Nxe2+ 12. Qxe2 c6 13. dxc6 bxc6 14. h3 Bxf3 15.
Qxf3 Nd7 16. Be3 Qe7 17. Rad1 Nb6 18. Bxb6 axb6 19. Qe3 Rfb8 20. Kh1 b5 21. Qd3
Bf8 22. Qd7 b4 23. axb4 Rxb4 24. Qxe7 Bxe7 25. Rd7 Kf8 26. b3 Rd8 27. Rc7 Rd6
28. Rf2 Bf6 29. Re2 Kg7 30. Na4 Bg5 31. Kh2 h5 32. g3 h4 33. gxh4 Bxh4 34. Nc5
Bg5 35. Kg2 Rbd4 36. Nd3 Bf4 37. Kf3 Rxd3+ 38. cxd3 Rxd3+ 39. Kg2 Rxb3 40. Rxc6
Rg3+ 41. Kf1 Rxh3 42. Rc4 Be3 43. Rg2 Bd4 44. Rcc2 Rf3+ 45. Ke1 Rf4 46. Rce2 Kf6
47. Kd1 Ke6 48. Kc2 Rf3 49. Rh2 Rc3+ 50. Kd2 Ra3 51. Rhg2 Ke7 52. Rh2 Kf8 53.
Rhg2 Kg7 54. Rh2 Ra2+ 55. Kd3 Ra7 56. Kc4 Rc7+ 57. Kd5 Kf8 58. Rhg2 Ke7 59. Rc2
Rd7+ 60. Kc4 Ke6 61. Rh2 Be3 62. Rhe2 Bf4 63. Rg2 Rd4+ 64. Kb5 Rxe4 65. Kc6 Kf5
66. Kd7 f6 67. Ke7 Bg5 68. Kf7 Rf4 69. Rc6 Rf3 70. Rc5 Kf4 71. Kxg6 e4 72. Rc4
Ke5 73. Re2 e3 74. Rc5+ Kd4 75. Rcc2 Kd3 76. Ra2 Bh4 77. Kh5 Bf2 78. Kg4 Rg3+
79. Kf4 Rg8 80. Kf5 Rf8 81. Rxf2 exf2 82. Rxf2 Kd4 83. Re2 Kd5 84. Re6 Ke4+ 85.
Kxe4 1/2-1/2

[Event "SZCZYRK OPEN - TURNIEJ Z OKAZJI SWIETA NIEPODLEGLOSCI - BLITZ 3'+2'' "]
[Site "Szczyrk"]
[Date "2018-11-11"]
[Round "4.3"]
[White "Jaroch, Karol"]
[Black "Szydlowska-duda, Marta "]
[Result "1-0"]
[WhiteTitle ""]
[BlackTitle ""]
[WhiteElo "2311"]
[BlackElo "1986"]

1. c4 e5 2. Nc3 Nc6 3. g3 Nf6 4. Bg2 Be7 5. e3 d6 6. b3 O-O 7. Nge2 h6 8. O-O Be6
9. d4 exd4 10. Nxd4 Bg4 11. Nxc6 bxc6 12. Qd4 Qd7 13. Bb2 Bh3 14. Rad1 Rad8 15.
e4 Bxg2 16. Kxg2 Qe6 17. Rfe1 a5 18. Qa7 Ra8 19. Qxc7 Rfc8 20. Qb6 c5 21. Nd5
Bd8 22. Qb5 Rab8 23. Qa4 Ng4 24. h3 Ne5 25. f4 Nc6 26. Bc3 Qg6 27. f5 Qg5 28.
f6 gxf6 29. Rf1 Ne5 30. Rf5 Qg6 31. Rdf1 Kh7 32. Bxe5 dxe5 33. h4 Bc7 34. Nxf6+
Kh8 35. h5 Qg7 36. Qd7 Rd8 37. Qxc7 Rbc8 38. Qxe5 Rd2+ 39. R1f2 Rd3 40. Qf4 Rcd8
41. Rf3 Rd2+ 42. Kh3 Rd1 43. Ng4 R8d2 44. Qxh6+ Kg8 45. Qxg7+ Kxg7 46. Rxf7+ Kg8
47. Rf8+ Kg7 48. R3f7# 1-0

[Event "SZCZYRK OPEN - TURNIEJ Z OKAZJI SWIETA NIEPODLEGLOSCI - BLITZ 3'+2'' "]
[Site "Szczyrk"]
[Date "2018-11-11"]
[Round "4.4"]
[White "Michalski, Karol "]
[Black "Piotrowski, Przemyslaw "]
[Result "1-0"]
[WhiteTitle ""]
[BlackTitle ""]
[WhiteElo "2006"]
[BlackElo "2287"]

1. d4 Nf6 2. c4 g6 3. Nc3 Bg7 4. e4 d6 5. Be2 O-O 6. h4 h5 7. Bg5 c5 8. d5 Qa5
9. Qd2 a6 10. f3 Bd7 11. Nh3 b5 12. Nf2 bxc4 13. g4 hxg4 14. Bxf6 Bxf6 15. h5
g3 16. Nfd1 e5 17. dxe6 Bxe6 18. hxg6 fxg6 19. Qh6 Kf7 20. Qf4 g2 21. Rg1 Kg7
22. Qxd6 Bh3 23. Bxc4 Nd7 24. Qg3 Rh8 25. Ke2 Ne5 26. Bd5 Rab8 27. Rb1 Qb4 28.
Ne3 Qd4 29. Rgd1 Rxb2+ 30. Rxb2 Qxc3 31. Rb7+ Kf8 32. Rb8+ Kg7 33. Rxh8 Kxh8 34.
Qxh3+ Kg7 35. Qxg2 c4 36. Kf1 Nd3 37. Nf5+ Kf8 38. Qxg6 Nf4 39. Qf7# 1-0

[Event "SZCZYRK OPEN - TURNIEJ Z OKAZJI SWIETA NIEPODLEGLOSCI - BLITZ 3'+2'' "]
[Site "Szczyrk"]
[Date "2018-11-11"]
[Round "4.5"]
[White "Kowalczyk, Rafal "]
[Black "Kaminski, Maciej "]
[Result "0-1"]
[WhiteTitle ""]
[BlackTitle ""]
[WhiteElo "2286"]
[BlackElo "1876"]

1. e4 c5 2. c3 d5 3. exd5 Qxd5 4. d4 Nc6 5. dxc5 Qxc5 6. Na3 Nf6 7. Be3 Qa5 8.
Nf3 Bg4 9. Be2 Rd8 10. Qb3 Qc7 11. Ng5 e5 12. Nb5 Qd7 13. f3 Bh5 14. Rd1 Qc8 15.
Rxd8+ Qxd8 16. Nxa7 Nxa7 17. Bxa7 Be7 18. Bb5+ Nd7 19. Ne4 O-O 20. O-O Qa5 21.
Be3 Nf6 22. Nxf6+ Bxf6 23. Rd1 Bg6 24. a4 h6 25. Rd7 Qa8 26. Bc4 b6 27. Bxb6 Qc8
28. Rd1 Qf5 29. a5 Qf4 30. Bf2 Bh5 31. Bd5 Bd8 32. Qb5 Bc7 33. Be4 f5 34. Bd5+
Kh8 35. Qc4 Qg5 36. Qxc7 e4 37. Qg3 Qe7 38. b4 e3 39. Be1 e2 40. Rd3 Rd8 41. Qf2
Bf7 42. Qd4 Rxd5 43. Qxd5 Bxd5 44. Rxd5 Qe3+ 45. Kh1 Qc1 46. Rd8+ Kh7 47. h3 Qxe1+
48. Kh2 Qxc3 0-1

[Event "SZCZYRK OPEN - TURNIEJ Z OKAZJI SWIETA NIEPODLEGLOSCI - BLITZ 3'+2'' "]
[Site "Szczyrk"]
[Date "2018-11-11"]
[Round "4.6"]
[White "Zielinski, Marcin"]
[Black "Marszalek, Maciej"]
[Result "0-1"]
[WhiteTitle ""]
[BlackTitle ""]
[WhiteElo "1576"]
[BlackElo "2259"]

1. d4 Nf6 2. c4 c5 3. d5 e6 4. Nc3 exd5 5. cxd5 d6 6. Nf3 g6 7. e4 Bg7 8. Bd3 O-O
9. h3 a6 10. a4 Nbd7 11. O-O Nh5 12. Re1 Re8 13. Qc2 b6 14. Bd2 Ne5 15. Ng5 h6
16. Nf3 Nxf3+ 17. gxf3 Bxh3 18. f4 Qh4 19. Re3 Nxf4 20. Rg3 Nh5 0-1

[Event "SZCZYRK OPEN - TURNIEJ Z OKAZJI SWIETA NIEPODLEGLOSCI - BLITZ 3'+2'' "]
[Site "Szczyrk"]
[Date "2018-11-11"]
[Round "4.7"]
[White "Faron, Rafal "]
[Black "Krupinski, Mikolaj "]
[Result "1-0"]
[WhiteTitle ""]
[BlackTitle ""]
[WhiteElo "2207"]
[BlackElo "1414"]

1. c4 c6 2. g3 Nf6 3. Bg2 d5 4. Nf3 dxc4 5. a4 Bf5 6. Na3 e6 7. Nxc4 Nbd7 8. O-O
Be7 9. b3 O-O 10. d3 Nb6 11. Bb2 Nxc4 12. bxc4 Qc7 13. a5 Rfd8 14. a6 bxa6 15.
Nd4 Qb6 16. Nxc6 Qxb2 17. Nxe7+ Kf8 18. Nxf5 exf5 19. Bxa8 Rxa8 20. Qa4 Qe5 21.
c5 Qxe2 22. c6 Qxd3 23. c7 Qb5 24. Qxa6 Qxa6 25. Rxa6 Nd5 26. Rc1 Nb6 27. Rxb6
axb6 28. c8=Q+ Rxc8 29. Rxc8+ Ke7 30. Rc6 1-0

[Event "SZCZYRK OPEN - TURNIEJ Z OKAZJI SWIETA NIEPODLEGLOSCI - BLITZ 3'+2'' "]
[Site "Szczyrk"]
[Date "2018-11-11"]
[Round "4.8"]
[White "Marczak, Szymon"]
[Black "Goluch, Piotr"]
[Result "1-0"]
[WhiteTitle ""]
[BlackTitle ""]
[WhiteElo "1880"]
[BlackElo "2205"]

1. b3 Nf6 2. Bb2 e6 3. e3 Be7 4. d4 O-O 5. c4 b6 6. Nf3 Bb7 7. Nbd2 Bb4 8. a3 Bxd2+
9. Nxd2 d6 10. f3 Nbd7 11. Bd3 e5 12. O-O a5 13. Bf5 Re8 14. Re1 Nf8 15. Qc2 Qe7
16. dxe5 dxe5 17. Rad1 N8d7 18. Qc3 Nc5 19. Bc2 Rad8 20. b4 axb4 21. axb4 Na6
22. Ba3 c5 23. bxc5 Nxc5 24. Nb3 Qc7 25. Nxc5 bxc5 26. Ba4 Rf8 27. Bb5 e4 28.
f4 Rxd1 29. Rxd1 Rd8 30. Qc2 Rxd1+ 31. Qxd1 h5 32. h3 h4 33. Bb2 Qe7 34. Qe1 Qd6
35. Qxh4 Qd2 36. Bxf6 Qxe3+ 37. Kh2 gxf6 38. Qxf6 Qd4 39. Qb6 e3 40. Qxb7 e2 41.
Qc8+ Kh7 42. Qf5+ Kg7 43. Qg4+ Kf8 44. Qxe2 Qxf4+ 45. g3 Qd4 46. Bc6 Qd6 47. Bd5
Qf6 48. Kg2 Kg7 49. Qf2 Qa1 50. Qxf7+ Kh6 51. Qf4+ Kg7 52. h4 Qb2+ 53. Qf2 Qa1
54. Qxc5 Qb2+ 55. Qf2 Qa1 56. g4 Qc3 57. Qf3 Qb2+ 58. Kg3 Qe5+ 59. Kh3 Qb2 60.
g5 1-0

[Event "SZCZYRK OPEN - TURNIEJ Z OKAZJI SWIETA NIEPODLEGLOSCI - BLITZ 3'+2'' "]
[Site "Szczyrk"]
[Date "2018-11-11"]
[Round "4.9"]
[White "Duda, Lukasz "]
[Black "Foltyn, Lukasz "]
[Result "1-0"]
[WhiteTitle ""]
[BlackTitle ""]
[WhiteElo "2201"]
[BlackElo "1854"]

1. e4 c5 2. Nc3 e6 3. d3 a6 4. g3 b5 5. Bg2 Bb7 6. Be3 Nc6 7. Qd2 Qc7 8. Nce2 Nf6
9. h3 d5 10. exd5 exd5 11. d4 c4 12. Bg5 Be7 13. Nf4 O-O 14. Bxf6 Bxf6 15. Nge2
Ne7 16. Nh5 Qd6 17. c3 Rfe8 18. O-O Rad8 19. Rfe1 Nf5 20. Nxf6+ Qxf6 21. Nf4 Nh4
22. gxh4 Qxh4 23. Re3 Rxe3 24. Qxe3 Bc6 25. Re1 h6 26. Qe7 Qxe7 27. Rxe7 g5 28.
Nh5 Kf8 29. Ra7 Re8 30. Kf1 Bd7 31. Rxd7 1-0

[Event "SZCZYRK OPEN - TURNIEJ Z OKAZJI SWIETA NIEPODLEGLOSCI - BLITZ 3'+2'' "]
[Site "Szczyrk"]
[Date "2018-11-11"]
[Round "4.10"]
[White "Jagodzinski, Mariusz "]
[Black "Sroka, Janusz"]
[Result "1-0"]
[WhiteTitle ""]
[BlackTitle ""]
[WhiteElo "1797"]
[BlackElo "2133"]

1. Nf3 d6 2. d4 g6 3. c4 Bg7 4. b3 c5 5. Bb2 Nc6 6. e3 Qb6 7. Be2 cxd4 8. Nxd4
Nf6 9. O-O O-O 10. Nc3 Bd7 11. Rc1 a6 12. Bf3 Ne5 13. Be2 Rac8 14. Qd2 Bg4 15.
f3 Bd7 16. Kh1 h5 17. Nd5 Nxd5 18. cxd5 Bh6 19. f4 Ng4 20. h3 Nf6 21. Bf3 Bb5
22. Rfd1 Bd7 23. Kh2 Rxc1 24. Rxc1 Rc8 25. Rxc8+ Bxc8 26. Qc3 Bd7 27. g3 Bg7 28.
e4 Ne8 29. Be2 Nc7 30. a4 a5 31. Bc4 Kh7 32. Kg2 e5 33. Nf3 f6 34. fxe5 dxe5 35.
d6 Qxd6 36. Bd5 Nxd5 1-0

[Event "SZCZYRK OPEN - TURNIEJ Z OKAZJI SWIETA NIEPODLEGLOSCI - BLITZ 3'+2'' "]
[Site "Szczyrk"]
[Date "2018-11-11"]
[Round "4.11"]
[White "Korbal, Arkadiusz"]
[Black "Krasniewski, Szymon"]
[Result "0-1"]
[WhiteTitle ""]
[BlackTitle ""]
[WhiteElo "2099"]
[BlackElo "1293"]

1. d4 Nf6 2. c4 g6 3. Nc3 Bg7 4. e4 d6 5. Be2 O-O 6. Be3 e5 7. d5 Nbd7 8. g4 Nc5
9. f3 h6 10. b4 Na6 11. a3 Nh7 12. h4 Nb8 13. Qd2 g5 14. hxg5 Nxg5 15. Nh3 f6
16. f4 exf4 17. Nxf4 Kf7 18. Nh5 a5 19. b5 Nd7 20. O-O-O Ne5 21. Rdf1 Bxg4 22.
Bxg4 Nxg4 23. Bxg5 hxg5 24. Qxg5 Bh6 25. Rxf6+ Qxf6 26. Nxf6 Bxg5+ 27. Kc2 Bxf6
28. Rh7+ Bg7 29. Rh4 Ne5 30. c5 Ke7 31. b6 cxb6 32. cxd6+ Kxd6 33. Nb5+ Ke7 34.
Kb3 Rac8 35. d6+ Kd7 36. Rh7 Rf7 37. Rh5 Rf3+ 38. Kb2 Nc4+ 39. Ka2 Nxd6 40. Rd5
Rc2+ 41. Kb1 Rb2+ 42. Kc1 Rf1+ 43. Rd1 Rxd1+ 44. Kxd1 Rxb5 0-1

[Event "SZCZYRK OPEN - TURNIEJ Z OKAZJI SWIETA NIEPODLEGLOSCI - BLITZ 3'+2'' "]
[Site "Szczyrk"]
[Date "2018-11-11"]
[Round "4.12"]
[White "Smolen, Sebastian"]
[Black "Dziodzio, Angelika "]
[Result "0-1"]
[WhiteTitle ""]
[BlackTitle ""]
[WhiteElo "1411"]
[BlackElo "2018"]

1. e4 c5 2. Nc3 d6 3. f4 a6 4. a4 Nc6 5. Bc4 e6 6. Nf3 Nge7 7. O-O g6 8. d3 Bg7
9. Qe1 O-O 10. Qg3 d5 11. exd5 exd5 12. Ba2 Nf5 13. Qf2 Nb4 14. Bb3 b6 15. Ne5
Bb7 16. Bd2 Qd6 17. Ng4 Rae8 18. Rfe1 h5 19. Ne3 Nxe3 20. Rxe3 Rxe3 21. Qxe3 Bd4
22. Kh1 Bxe3 23. Bxe3 d4 24. Ne4 Bxe4 25. dxe4 dxe3 0-1

[Event "SZCZYRK OPEN - TURNIEJ Z OKAZJI SWIETA NIEPODLEGLOSCI - BLITZ 3'+2'' "]
[Site "Szczyrk"]
[Date "2018-11-11"]
[Round "4.13"]
[White "Krol, Rafal"]
[Black "Drozniak, Stanislaw"]
[Result "1/2-1/2"]
[WhiteTitle ""]
[BlackTitle ""]
[WhiteElo "1926"]
[BlackElo "1799"]

1. Nf3 f5 2. d3 d6 3. e4 e5 4. g3 Nf6 5. Nbd2 Nc6 6. c3 Be7 7. Bg2 O-O 8. O-O Qe8
9. a4 Qh5 10. b4 fxe4 11. dxe4 Bg4 12. Qb3+ Kh8 13. Nh4 Nd7 14. Nf5 Bg5 15. Nc4
Bxc1 16. Raxc1 Bf3 17. Nd2 Bxg2 18. Kxg2 Rf6 19. Qd1 Qf7 20. Qg4 Rf8 21. f3 Rg6
22. Qh4 Rf6 23. Qg4 Rg6 24. Qh3 1/2-1/2

[Event "SZCZYRK OPEN - TURNIEJ Z OKAZJI SWIETA NIEPODLEGLOSCI - BLITZ 3'+2'' "]
[Site "Szczyrk"]
[Date "2018-11-11"]
[Round "4.14"]
[White "Zablocka, Marta"]
[Black "Para, Tomasz "]
[Result "0-1"]
[WhiteTitle ""]
[BlackTitle ""]
[WhiteElo "1153"]
[BlackElo "1896"]

1. e4 c5 2. Nf3 d6 3. d4 cxd4 4. Nxd4 Nf6 5. Bd3 a6 6. c4 Nc6 7. Nxc6 bxc6 8. O-O
c5 9. b3 Bb7 10. Nd2 e6 11. Bb2 Be7 12. Re1 e5 13. Nf3 Qc7 14. Qd2 Rd8 15. Bc3
Rb8 16. Ba5 Qc6 17. Bc3 Nh5 18. g3 Nf6 19. Nh4 Bc8 20. Nf5 Bxf5 21. exf5 O-O 22.
Be4 Qc7 23. Qg5 Nxe4 24. Qe3 Nxc3 25. Qxc3 Bf6 26. Rad1 Rfd8 27. Qf3 Qb7 28. Qg4
g6 29. h4 Qd7 30. h5 Qxf5 31. Qxf5 gxf5 32. Re3 e4 33. g4 Bd4 34. Rg3 f4 35. Rh3
e3 36. fxe3 fxe3 37. Kf1 Re8 38. Ke2 Re4 39. Rg3 Rf4 40. Rf1 Rxf1 41. Kxf1 Re8
42. Ke2 Re4 43. Rf3 Kg7 44. g5 Rg4 45. h6+ Kg6 46. Rf6+ Bxf6 47. gxf6 Kxf6 0-1

[Event "SZCZYRK OPEN - TURNIEJ Z OKAZJI SWIETA NIEPODLEGLOSCI - BLITZ 3'+2'' "]
[Site "Szczyrk"]
[Date "2018-11-11"]
[Round "4.15"]
[White "Ulrych, Wojciech "]
[Black "Zamarska, Sylwia "]
[Result "1-0"]
[WhiteTitle ""]
[BlackTitle ""]
[WhiteElo "1867"]
[BlackElo "1552"]

1. e4 d5 2. Nc3 d4 3. Nce2 e5 4. Ng3 c5 5. d3 Nc6 6. f4 Qc7 7. f5 Nf6 8. Bg5 Be7
9. Nf3 h6 10. Bd2 Bd7 11. Be2 b5 12. c3 O-O 13. O-O Rfb8 14. Rc1 Qd8 15. h3 a5
16. Nh2 b4 17. c4 a4 18. Nh5 Nxh5 19. Bxh5 f6 20. Qg4 Kh8 21. Bf7 Be8 22. Bd5
Ra7 23. Bxh6 Bf8 24. Bd2 1-0

[Event "SZCZYRK OPEN - TURNIEJ Z OKAZJI SWIETA NIEPODLEGLOSCI - BLITZ 3'+2'' "]
[Site "Szczyrk"]
[Date "2018-11-11"]
[Round "4.16"]
[White "Lesniak, Grzegorz"]
[Black "Fil, Grzegorz"]
[Result "1-0"]
[WhiteTitle ""]
[BlackTitle ""]
[WhiteElo "1849"]
[BlackElo "1173"]

1. e4 d5 2. exd5 Qxd5 3. Nc3 Qa5 4. Nf3 Nf6 5. Be2 c6 6. O-O Bg4 7. a3 e6 8. h3
Bh5 9. d3 Qc7 10. Be3 Bd6 11. Ng5 Bxe2 12. Qxe2 h6 13. Nge4 Nxe4 14. Nxe4 Be7
15. Qg4 g5 16. Qf3 f5 17. Qh5+ Kd8 18. Nxg5 Bxg5 19. Bxg5+ Kc8 20. Bf6 Rg8 21.
Qxh6 Qf7 22. Be5 Rg6 23. Qh8+ Rg8 24. Qf6 Qxf6 25. Bxf6 Nd7 26. Bc3 Kc7 27. Rfe1
Kd6 28. Re2 Rg6 29. Rae1 Rag8 30. f3 b5 31. Kh2 e5 32. g4 fxg4 33. fxg4 Rg5 34.
d4 exd4 35. Bxd4 Kd5 36. c3 R8g6 37. Bxa7 Ne5 38. Kg3 Nxg4 39. Rd1+ Kc4 40. Rd4+
Kb3 41. Rxg4 Rxg4+ 42. hxg4 Rd6 43. Bd4 Kc4 44. g5 c5 45. Bf6 Rd3+ 46. Kg4 Rd7
47. g6 Rd6 48. g7 Rxf6 49. g8=Q+ Kd3 50. Qe8 Rd6 51. Qe4# 1-0

[Event "SZCZYRK OPEN - TURNIEJ Z OKAZJI SWIETA NIEPODLEGLOSCI - BLITZ 3'+2'' "]
[Site "Szczyrk"]
[Date "2018-11-11"]
[Round "4.17"]
[White "Wiszniewski, Szymon"]
[Black "Namyslak, Piotr"]
[Result "0-1"]
[WhiteTitle ""]
[BlackTitle ""]
[WhiteElo "1395"]
[BlackElo "1794"]

1. e4 e6 2. d4 d5 3. Nc3 Nf6 4. e5 Nfd7 5. f4 c5 6. Nf3 Qb6 7. Nb5 a6 8. Nd6+ Bxd6
9. exd6 Qxd6 10. dxc5 Qxc5 11. Qe2 Nc6 12. Be3 Qb4+ 13. c3 Qe4 14. O-O-O O-O 15.
Nd4 Nf6 16. g4 Nxd4 17. Bxd4 Qxh1 18. Bxf6 gxf6 19. g5 fxg5 20. Qh5 Qe4 21. Bd3
Qxf4+ 22. Kb1 f5 23. Rg1 g4 24. h3 g3 25. Be2 Bd7 26. Bd3 Be8 27. Bf1 0-1

[Event "SZCZYRK OPEN - TURNIEJ Z OKAZJI SWIETA NIEPODLEGLOSCI - BLITZ 3'+2'' "]
[Site "Szczyrk"]
[Date "2018-11-11"]
[Round "4.18"]
[White "Galuszka, Tomasz "]
[Black "Malik, Maciej"]
[Result "1-0"]
[WhiteTitle ""]
[BlackTitle ""]
[WhiteElo "1787"]
[BlackElo "1407"]

1. e4 d6 2. d3 Nf6 3. Nf3 g6 4. g3 Bg7 5. Bg2 O-O 6. O-O c6 7. c3 Qc7 8. Nbd2 e5
9. a4 Nbd7 10. b4 b6 11. a5 b5 12. Bb2 Bb7 13. Re1 a6 14. d4 c5 15. bxc5 dxc5
16. d5 c4 17. Ba3 Rfe8 18. Bb4 Nc5 19. Bxc5 Qxc5 20. Qe2 Rad8 21. Qe3 Qxe3 22.
Rxe3 Nd7 23. Ne1 Nc5 24. Nc2 Na4 25. Rxa4 bxa4 26. Nxc4 Bh6 27. Re1 Rd7 28. Nb6
Rc7 29. c4 Bd2 30. Rb1 Bxa5 31. Bf1 f5 32. f3 fxe4 33. fxe4 Rf8 34. Nxa4 Rcf7
35. c5 Bc8 36. d6 Bd2 37. Bc4 Kg7 38. Bxf7 Rxf7 39. c6 Bh3 40. Nc5 Bg5 41. c7
Rf8 1-0